00407nam a2200157 a 4500008004100000020001500041050001500056100001900071245003300090260003200123300002200155350000900177500002900186650001400215650002000229120416s1972 ||||||||||||||||| || u a0713155957 aGF 125 Car aCarter, Harold14aThe Study of urban geography aLondonbEdward Arnoldc1972 axiv, 346p. : ill. a0.00 aIncludes bibliographies. aGEOGRAPHY 0aURBAN GEOGRAPHY